FC Csicsó: tornagyőzelem és 2. hely

Bibliographic Details
Main Author: Palágyi, Lajos, 1941- (Author)
Format: Article
Language:Hungarian
PhysicalDescription:Fotogr.
ISSN:1335-6631
Subjects:

MARC

LEADER 00000nab a2200000 a 4500
001 vtls010620034
003 SK-MaSNL
005 20260319071134.0
008 140916|2014 xo w| 000 0|hun
015 |a SNBRB2014/09 
038 |a DSZK 
040 |a DSZK  |b slo  |c DSZK  |e AACR2 
041 0 |a hun 
044 |a xo  |c SK 
080 |a 796.332  |x (437.612)  |2 2001 
100 1 |a Palágyi, Lajos,  |d 1941-  |4 aut  |9 840450 
245 1 0 |a FC Csicsó: tornagyőzelem és 2. hely  |c Palágyi Lajos 
300 |b Fotogr. 
610 2 7 |a FC Csicsó  |2 dszk  |9 1086326 
650 0 7 |a futbal  |2 SNKPH  |9 3291 
650 0 7 |a starí páni  |2 dszk  |9 1088887 
651 7 |a Dunajská Streda (Slovensko)  |2 SNKPHgeo  |9 17375 
773 0 |t Szabad újság  |g Évf. XXI, sz. 108 (2014), o. 20  |x 1335-6631 
852 |a DSZK  |b KIS3GCP 
958 |a HU 
958 |a SK 
999 |c 1798921  |d 1800851